Ballon d'Or - classement 2013 - Statistiques

Statistiques générales
  • Ce quiz a été pris 65 fois
  • Le résultat moyen est 21 sur 23
Statistiques - réponses
Poste Club Nationalité Rang Réponse % Correct
Attaquant Real Madrid Portugal 1 Cristiano Ronaldo
100%
Milieu Bayern Munich France 3 Franck Ribéry
100%
Attaquant FC Barcelone Argentine 2 Lionel Messi
100%
Attaquant FC Barcelone Brésil 5 Neymar
100%
Attaquant Paris Saint-Germain Suède 4 Zlatan Ibrahimović
100%
Milieu FC Barcelone Espagne 6 Andrés Iniesta
98%
Gardien Bayern Munich Allemagne 23 Manuel Neuer
97%
Attaquant Borussia Dortmund Pologne 13 Robert Lewandowski
97%
Attaquant Paris Saint-Germain Uruguay 20 Edinson Cavani
95%
Attaquant Real Madrid Pays de Galles 9 Gareth Bale
95%
Défenseur Paris Saint-Germain Brésil 21 Thiago Silva
93%
Milieu FC Barcelone Espagne 15 Xavi
93%
Attaquant Bayern Munich Pays Bas 8 Arjen Robben
92%
Attaquant Liverpool Uruguay 19 Luis Suárez
92%
Attaquant AS Monaco Colombie 11 Radamel Falcao
92%
Milieu Juventus Italie 10 Andrea Pirlo
90%
Milieu Chelsea Belgique 22 Eden Hazard
90%
Milieu Manchester City Côte d'Ivoire 12 Yaya Touré
90%
Attaquant Manchester United Pays Bas 7 Robin van Persie
85%
Attaquant Bayern Munich Allemagne 18 Thomas Müller
85%
Milieu Arsenal Allemagne 16 Mesut Özil
82%
Défenseur Bayern Munich Allemagne 14 Philipp Lahm
79%
Milieu Bayern Munich Allemagne 17 Bastian Schweinsteiger
66%
Aucun quiz correspondant
Distribution des résultats
% des personnes avec chaque résultat
Percentile par nombre de réponses
Votre historique - résultats
Vous n’avez pas pris ce quiz